2301-豊橋鉄道の駅 - Statistics

General Stats
  • This quiz has been taken 89 times
  • The average score is 20 of 31
Answer Stats
本線 % Correct
新豊橋
95%
駅前
95%
三河田原
89%
東田
88%
運動公園前
79%
市役所前
77%
東田坂上
73%
競輪場前
73%
駅前大通
71%
赤岩口
71%
愛知大学前
70%
柳生橋
68%
井原
68%
井原
68%
高師
66%
豊橋公園前
63%
札木
61%
小池
57%
老津
57%
やぐま台
57%
南栄
55%
神戸
55%
新川
55%
大清水
52%
東八町
52%
杉山
45%
前畑
45%
豊島
43%
芦原
41%
向ヶ丘
41%
植田
39%
No matching quizzes found
Score Distribution
Percent of People with Each Score
Percentile by Number Answered
Your Score History
You have not taken this quiz